Love Island 2022 - Statistics

General Stats
  • This quiz has been taken 825 times
    650 since last reset
  • The average score is 22 of 36
Answer Stats
Answer % Correct
Ekin-Su
94%
Gemma
93%
Luca
93%
Davide
92%
Tasha
92%
Andrew
90%
Paige
89%
Dami
88%
Indiyah
84%
Jacques
74%
Adam
70%
Coco
69%
Danica
68%
Amber
67%
Ikenna
65%
Summer
64%
Billy
60%
Liam
60%
Jay
59%
Deji
58%
Antigoni
54%
Charlie
50%
Josh
48%
Afia
45%
Chyna
45%
Jamie
45%
Jack
44%
George
42%
Mollie
42%
Cheyanne
41%
Nathalia
40%
Remi
40%
Lacey
37%
Jazmine
32%
Reece
32%
Samuel
31%
No matching quizzes found
Score Distribution
Percent of People with Each Score
Percentile by Number Answered
Your Score History
You have not taken this quiz since the last reset